[Event "ICS rated blitz match"]
[Site "207.99.83.227"]
[Date "1999.04.11"]
[Round "?"]
[White "Etan"]
[Black "Hossa"]
[Result "1-0"]
[WhiteElo "2310"]
[BlackElo "2479"]
[Annotator "Crafty v16.6"]
[PlyCount "107"]

{annotating for player Hossa using a scoring margin of +0.10 pawns. search
time limit is 20.00} 1. e3 1... Nc6 2. d3 e5 3. Ne2 Nf6 4. g3 d5 5. Bg2 Bb4+ 6.
Nd2 O-O 7. O-O Bg4 8. h3 Be6 ({8:+0.13} 8... Be6 9. c3 Be7 10. Nf3 Qd6 11. Ng5
Bf5 12. Qd2 $10) ({8:+0.27} 8... Bf5 9. c3 Bd6 10. c4 dxc4 11. Nxc4 Qd7 12.
Nxd6 cxd6 13. h4 $10) 9. a3 Bc5 ({8:+0.04} 9... Bc5 10. b4 Bd6 11. c4 Qd7 12.
c5 Be7 13. b5 $10) ({8:+0.28} 9... Bd6 10. Nf3 h6 11. d4 Qd7 12. Nxe5 Nxe5 13.
dxe5 13... Bxe5 $10) 10. b3 Qe7 ({9:+0.14} 10... Qe7 11. b4 Bd6 12. c4 dxc4 13.
Nxc4 a6 14. Nxd6 Qxd6 15. d4 15... Rad8 $10) ({9:+0.62} 10... Qd7 11. b4 Bd6
12. g4 a6 13. Bb2 Rad8 14. g5 14... Nh5 $15) 11. Bb2 Rae8 ({9:+0.05} 11... Rae8
12. b4 Bd6 13. c4 dxc4 14. Nxc4 Bd5 15. Nxd6 Qxd6 16. e4 16... Be6 $10) ({
9:+0.53} 11... Qd7 12. b4 Bd6 13. g4 a6 14. Nb3 b6 15. g5 15... Nh5 $15) 12.
Kh2 Qd7 13. Qe1 d4 14. e4 h5 ({8:-0.22} 14... h5 15. Nf3 Nh7 16. b4 Bd6 17. b5
Ne7 18. a4 $10) ({8:+0.37} 14... Be7 15. f4 exf4 16. Nxf4 Bc5 17. Nxe6 Qxe6 18.
b4 Bd6 19. Kg1 $15) 15. f4 exf4 16. gxf4 Kh8 ({8:-0.26} 16... Kh8 17. f5 Qd6+
18. Kg1 Bc8 19. b4 Bb6 20. Nc4 Qd7 21. Nxb6 21... axb6 $10) ({8:+0.01} 16... g6
17. Qf2 Rd8 18. f5 gxf5 19. exf5 Qd6+ 20. Kg1 Bd7 21. Rae1 $10) 17. f5 Qd6+ 18.
Qg3 Qxg3+ 19. Nxg3 Bd7 20. Nf3 a5 ({8:-0.15} 20... a5 21. Rae1 Bc8 22. c3 dxc3
23. Bxc3 Rd8 24. Bxf6 gxf6 25. Rd1 $10) ({8:+0.00} 20... Bd6 21. h4 Ng4+ 22.
Kh3 Ne3 23. Rf2 Bxg3 24. Kxg3 Ng4 25. Re2 $10) 21. Ne2 Bxf5 22. Nexd4 Nxd4 ({
8:-0.24} 22... Nxd4 23. Nxd4 Bd6+ 24. Kh1 Bd7 25. Nf5 Be5 26. d4 Bd6 27. Nxd6
27... cxd6 $10) ({8:-0.09} 22... Bd7 23. Nb5 Rd8 24. c4 Ne8 25. d4 Be7 26. e5
$10) 23. Nxd4 Bg6 ({8:-1.27} 23... Bg6 24. Nf5 c6 25. Nxg7 Kxg7 26. Bxf6+ Kg8
27. d4 Bd6+ 28. e5 $16) ({8:-0.47} 23... Bd6+ 24. Kh1 Bd7 25. Nf5 Be5 26. d4
Bd6 27. e5 Bxf5 28. Rxf5 $14) 24. Nf5 Re6 ({8:-1.39} 24... Re6 25. d4 Bb6 26.
e5 Nd7 27. Bd5 Ree8 28. Bxb7 $16) ({8:-1.28} 24... c6 25. Nxg7 Kxg7 26. Bxf6+
Kh7 27. d4 Bb6 28. Rf4 28... Rg8 $16) 25. Rf3 Bh7 ({8:-0.44} 25... Bh7 26. Raf1
Ne8 27. c4 Bg6 28. Nh4 Nd6 29. Nxg6+ Rxg6 30. Kh1 $14) ({8:-0.28} 25... Ne8 26.
c4 Kg8 27. d4 Ba7 28. e5 Bb6 29. Raf1 $10) 26. Raf1 Ne8 27. Kh1 Bg6 ({8:-1.17} 
27... Bg6 28. Nh4 Kh7 29. Nxg6 Kxg6 30. Rg3+ Kh6 31. Bc1+ Kh7 32. Rg5 Bd4 33.
Rxh5+ $16) ({8:-0.42} 27... f6 28. Rg3 Rf7 29. Bf3 g6 30. Nh4 Rg7 31. c4 $14)
28. d4 Bb6 29. e5 c6 30. c4 Kg8 ({9:-1.81} 30... Kg8 31. d5 Bxf5 32. Rxf5 cxd5
33. cxd5 Rh6 34. Bc1 Rh8 35. Bg5 35... Kh7 $18) ({9:-1.08} 30... Bd8 31. d5
cxd5 32. cxd5 Rb6 33. Bd4 Rb5 34. Rc3 Bg5 35. Bc5 $16) 31. d5 Bxf5 32. dxe6
Bxe6 33. Rd3 Bc5 34. Rfd1 a4 35. b4 Bb6 36. c5 Bc7 37. b5 Bc4 38. Rd7 Bxb5 39.
Re7 Ba6 40. Rdd7 Ba5 41. e6 f6 42. Be4 Kh8 43. Bg6 Bf1 44. Bxe8 Bxh3 45. Rxg7
Bf5 46. Bxh5 b5 47. e7 Re8 48. Bxf6 Bc3 49. Bxc3 b4 50. Bf6 Be4+ 51. Kh2 Bg6
52. Bxg6 Rb8 53. Rh7+ Kg8 54. Rh8# 1-0

[Event "ICS rated blitz match"]
[Site "207.99.83.227"]
[Date "1999.04.11"]
[Round "?"]
[White "Hossa"]
[Black "Aagaard"]
[Result "1-0"]
[WhiteElo "2456"]
[BlackElo "2459"]
[PlyCount "39"]

1. e4 c5 2. Bc4 e6 3. Nc3 a6 4. a4 Nc6 5. Nf3 Nf6 6. O-O d5 7. exd5 exd5 8. Bb3
Be7 9. d3 O-O 10. Re1 Bg4 11. Bg5 Bxf3 12. Qxf3 Nd4 13. Qe3 Nxb3 14. cxb3 h6
15. Bxh6 d4 16. Qg5 Ne8 17. Rxe7 dxc3 18. Rxe8 Qxg5 19. Rxf8+ Kxf8 20. Bxg5 {
Aagaard resigns} 1-0

[Event "ICS rated blitz match"]
[Site "207.99.83.227"]
[Date "1999.04.11"]
[Round "?"]
[White "Hossa"]
[Black "Etan"]
[Result "0-1"]
[WhiteElo "2482"]
[BlackElo "2323"]
[Annotator "Crafty v16.6"]
[PlyCount "94"]

{annotating for player Hossa using a scoring margin of +0.10 pawns. search
time limit is 20.00} 1. e4 1... d6 2. d4 e6 3. Nf3 Nd7 4. Bd3 Ne7 5. Bg5 g6 6.
O-O Bg7 7. Nc3 h6 8. Bxe7 ({8:-0.11} 8. Bxe7 8... Qxe7 9. Qd2 Nb6 10. Rae1 O-O
11. Qf4 Qf6 12. Qxf6 12... Bxf6 $10) ({8:+0.27} 8. Bf4 8... g5 9. Be3 Ng6 10.
Be2 Nf4 11. Bb5 11... Qe7 $10) 8... Qxe7 9. Qd2 a6 10. d5 ({8:-0.34} 10. d5
10... e5 11. Rad1 Nf6 12. Bc4 b5 13. Bd3 13... O-O $15) ({8:-0.14} 10. Rad1
10... O-O 11. Qf4 b6 12. Bc4 b5 13. Bd3 13... Bb7 $10) 10... e5 11. Nd1 O-O 12.
Ne3 Nc5 13. Rae1 ({9:-0.50} 13. Rae1 13... a5 14. Nc4 a4 15. Qe2 b5 16. Ne3 a3
17. bxa3 Rxa3 18. Bxb5 18... Rxa2 $15) ({9:-0.33} 13. b4 13... Na4 14. c4 Bd7
15. Rfd1 Nb6 16. Rac1 Rad8 17. c5 $15) 13... Nxd3 14. Qxd3 ({9:-0.46} 14. Qxd3
14... Bd7 15. Qb3 c5 16. dxc6 bxc6 17. Qd3 c5 18. Nd5 18... Qe6 $15) ({9:-0.24
} 14. cxd3 14... Bd7 15. Rc1 Rac8 16. Rc3 Rfd8 17. Rfc1 Bb5 18. Nc4 $10) 14...
f5 15. c3 f4 16. Nc4 g5 17. h3 ({9:-0.36} 17. h3 17... g4 18. hxg4 Bxg4 19. a4
Rfe8 20. b3 b5 21. Ncd2 bxa4 22. bxa4 $15) ({9:-0.23} 17. Ra1 17... g4 18. Ne1
Qg5 19. Kh1 f3 20. gxf3 b5 21. Nd2 $10) 17... h5 18. Nfd2 Bf6 19. Qe2 g4 20.
hxg4 hxg4 21. Qd1 ({8:-0.80} 21. Qd1 21... Bh4 22. Qe2 g3 23. fxg3 Bxg3 24. Rd1
Qh4 25. Qd3 $17) ({8:-0.64} 21. a4 21... Kg7 22. a5 Rh8 23. Qd3 Bd7 24. b3
24... Bh4 $15) 21... Qh7 22. Na5 ({8:-3.81} 22. Na5 22... Kf7 23. Nab3 Rh8 24.
f3 Qh2+ 25. Kf2 Bh4+ 26. Ke2 Qxg2+ 27. Kd3 Bxe1 28. Rxe1 28... g3 $19) ({
8:-0.83} 22. Qe2 22... f3 23. Qe3 fxg2 24. Kxg2 Qh3+ 25. Kg1 Bh4 26. Nb1 Qxe3
27. Rxe3 27... Rf3 $17) 22... Kg7 23. Re3 ({8:-6.15} 23. Re3 23... Rh8 24. Rh3
gxh3 25. Qf3 h2+ 26. Kh1 Qh5 27. Qd3 Qg4 28. Nac4 $19) ({8:-4.10} 23. a4 $19)
23... fxe3 24. fxe3 g3 25. Rf3 Qh2+ 26. Kf1 Qh1+ 27. Ke2 Qxd1+ 28. Kxd1 Bg4 29.
Kc2 ({10:-7.68} 29. Kc2 29... Bxf3 30. Nxf3 Be7 31. Ne1 Rf2+ 32. Kd3 Rxb2 33.
a3 Rf8 34. Nc4 $19) ({10:-6.69} 29. Ke2 29... Rh8 30. Kd3 Bxf3 31. Nxf3 Rh2 32.
Ne1 Rb8 33. b4 Kg6 34. Nc4 $19) 29... Bxf3 30. Nxf3 b6 31. Nc6 Rh8 32. a4 Rh2
33. Ne1 Rah8 34. b4 Rxg2+ 35. Nxg2 Rh2 36. Kd2 Rxg2+ 37. Ke1 Rf2 38. b5 axb5
39. axb5 Bg5 40. c4 Rf3 41. Ke2 Rxe3+ 42. Kf1 Rc3 43. Kg1 Rc2 44. Kf1 g2+ 45.
Kg1 Be3+ 46. Kh2 g1=Q+ 47. Kh3 Rh2# 0-1

[Event "ICS rated blitz match"]
[Site "207.99.83.227"]
[Date "1999.04.11"]
[Round "?"]
[White "Aagaard"]
[Black "Hossa"]
[Result "0-1"]
[WhiteElo "2430"]
[BlackElo "2459"]
[PlyCount "49"]

1. d4 Nf6 2. c4 g6 3. Nc3 Bg7 4. e4 d6 5. Bg5 O-O 6. Qd2 Na6 7. Bd3 c5 8. d5
Nb4 9. Bb1 Bg4 10. f3 Bc8 11. Nge2 Nd7 12. h4 Nb6 13. b3 a5 14. a3 a4 15. h5
axb3 16. hxg6 Nxc4 17. Qf4 h6 18. Bxh6 b2 19. Bxg7 Nd3+ 20. Bxd3 bxa1=Q+ 21.
Bb1 fxg6 22. Bxf8 Bh3 23. Rxh3 Qxf8 24. Qg4 Qf6 25. e5 {Aagaard resigns} 0-1

[Event "ICS Rated blitz match"]
[Site "207.99.83.227"]
[Date "1999.04.11"]
[Round "?"]
[White "newfisher"]
[Black "Hossa"]
[Result "0-1"]
[WhiteElo "2126"]
[BlackElo "2474"]
[PlyCount "71"]

1. e4 e5 2. Nf3 Nc6 3. Bb5 a6 4. Ba4 Nf6 5. O-O b5 6. Bb3 Bc5 7. c3 O-O 8. Re1
Re8 9. Ng5 Re7 10. d3 d6 11. Be3 Bg4 12. Nf3 Bxe3 13. fxe3 Qd7 14. Nbd2 Bxf3
15. Nxf3 Rf8 16. Nh4 Ree8 17. Nf5 Ne7 18. Qf3 Nxf5 19. exf5 e4 20. dxe4 Nxe4
21. Bd5 Ng5 22. Qg4 h6 23. h4 Nh7 24. e4 c6 25. Bb3 Qa7+ 26. Kh1 Nf6 27. Qf3
Qe7 28. Bc2 Nd7 29. Qf4 Qf6 30. Rad1 Ne5 31. Rd4 Rd8 32. Red1 Rfe8 33. b3 Re7
34. Re1 Ng6 35. Qf3 Qxh4+ 36. Kg1 {newfisher resigns} 0-1

[Event "ICS rated blitz match"]
[Site "207.99.83.227"]
[Date "1999.04.11"]
[Round "?"]
[White "Hossa"]
[Black "inmortal"]
[Result "1-0"]
[WhiteElo "2450"]
[BlackElo "2436"]
[PlyCount "59"]

1. e4 e5 2. Nf3 Nc6 3. Bb5 a6 4. Bxc6 dxc6 5. O-O Bd6 6. d4 f6 7. dxe5 Bxe5 8.
Qxd8+ Kxd8 9. Nxe5 fxe5 10. Nd2 Ke7 11. Nf3 Ke6 12. Bd2 Ne7 13. Rad1 h6 14. Bc3
Ng6 15. Rd2 Bd7 16. Nxe5 Nxe5 17. Bxe5 Kxe5 18. Rxd7 Rad8 19. Re7+ Kf6 20. Rxc7
Rd2 21. f4 Rxc2 22. Rxb7 Rd8 23. e5+ Kf5 24. Rxg7 Rdd2 25. b3 Rxa2 26. h3 h5
27. Kh2 h4 28. Rg5+ Ke4 29. e6 Kd4 30. Re1 {inmortal resigns} 1-0

[Event "ICS rated blitz match"]
[Site "207.99.83.227"]
[Date "1999.04.11"]
[Round "?"]
[White "TDChess"]
[Black "Hossa"]
[Result "1-0"]
[WhiteElo "2557"]
[BlackElo "2465"]
[Annotator "Crafty v16.6"]
[PlyCount "135"]

{annotating for player Hossa using a scoring margin of +0.10 pawns. search
time limit is 20.00} 1. d4 1... Nf6 2. Nf3 e6 3. c4 Be7 4. e3 d5 5. Be2 O-O 6.
O-O Bd7 ({8:-0.30} 6... Bd7 7. Nc3 dxc4 8. Bxc4 Nc6 9. Ne5 Na5 10. Nxd7 Qxd7
11. Bd3 $10) ({8:-0.02} 6... dxc4 7. Bxc4 Nbd7 8. Nc3 Nb6 9. Bd3 Qd6 10. Nb5
10... Qd7 $10) 7. cxd5 exd5 8. Qb3 Bc6 ({9:-0.40} 8... Bc6 9. Ne5 b6 10. Nxc6
Nxc6 11. Nc3 Nb4 12. a3 Nc6 13. Qd1 $14) ({9:-0.07} 8... Bc8 9. Nc3 Re8 10. Qd1
Bg4 11. Nh4 Be6 12. f4 12... Nbd7 $10) 9. Ne5 Qd6 10. Nc3 a5 ({8:-0.60} 10...
a5 11. Bf3 a4 12. Qc2 Bd7 13. Bd1 b5 14. Nxd7 14... Qxd7 $14) ({8:-0.49} 10...
b6 11. Qc2 Qe6 12. f4 Bd6 13. Nxc6 Nxc6 14. Qd3 14... Rae8 $14) 11. a4 Ra7 ({
8:-0.70} 11... Ra7 12. Qc2 Be8 13. Qf5 g6 14. Qf4 Nbd7 15. Nb5 $14) ({8:-0.51} 
11... b6 12. Qc2 Qe6 13. f4 Bd6 14. Nxc6 Nxc6 15. Qd3 15... Rae8 $14) 12. Nxc6
Qxc6 13. Bd2 Qd7 14. Nb5 Ra8 15. Na3 Nc6 16. Rac1 Bxa3 ({9:-0.38} 16... Bxa3
17. Qxa3 Rfe8 18. Qd3 Ne4 19. Be1 Nb4 20. Qd1 Qd6 21. f4 $14) ({9:-0.11} 16...
Ne4 17. Nb1 Bb4 18. Qd1 Rae8 19. Bg4 Qd6 20. Nc3 Bxc3 21. Bxc3 Nxc3 22. Rxc3
$10) 17. Qxa3 Ne4 18. Be1 Qd8 ({9:-0.64} 18... Qd8 19. Qb3 Ra7 20. f3 Nf6 21.
Qd3 Nb4 22. Qf5 22... Qd6 $14) ({9:-0.45} 18... Rfe8 19. Bb5 Qe6 20. Bxc6 bxc6
21. f3 Nf6 22. Rc5 Qxe3+ 23. Qxe3 Rxe3 24. Bxa5 $14) 19. Qb3 Ra7 20. f3 Ng5 ({
9:-1.31} 20... Ng5 21. Rc5 Ne7 22. Rxa5 Rxa5 23. Bxa5 b6 24. Bb4 Re8 25. f4 $16
) ({9:-0.68} 20... Nf6 21. Bb5 Nb8 22. f4 Qe7 23. Bh4 c6 24. Be2 Qe4 25. Bxf6
25... gxf6 $14) 21. Rc5 Ne7 22. Rxa5 Rxa5 23. Bxa5 Nc6 24. Bd2 Qd6 25. Rc1 Rb8
26. Rc5 Ne7 27. Rb5 Qa6 28. Kf2 Qf6 ({8:-2.87} 28... Qf6 29. Rxb7 Re8 30. Kg1
Ne6 31. Qb5 c6 32. Qd3 $18) ({8:-2.09} 28... Ne6 29. Bb4 c5 30. dxc5 d4 31. Ra5
Qc6 32. Kg1 $18) 29. Rxb7 Rc8 30. Kg1 Qc6 ({9:-3.25} 30... Qc6 31. a5 Qd7 32.
a6 Nc6 33. Qd3 Nd8 34. Ra7 34... Nc6 $18) ({9:-3.00} 30... Ne6 31. Rb8 Rf8 32.
Rxf8+ Nxf8 33. Qb8 Qc6 34. Qd8 Qc2 35. Qxe7 35... Qxd2 $18) 31. Ra7 Qg6 32. Qc3
Qb6 33. Ra6 Qb7 34. Ra5 Re8 35. Rb5 Qc8 36. e4 Ne6 37. exd5 Nf8 38. Bd1 Qd8 39.
Bb3 Nf5 40. d6 Nxd6 41. Rc5 Qh4 42. Be3 Qe7 43. Re5 Qd7 44. Bf2 Rb8 45. a5 Ng6
46. Rc5 Nb5 47. Qb4 Qe8 48. a6 Nd6 49. Qa3 Nb5 50. Qa2 c6 51. d5 cxd5 52. Ba4
Nf4 53. Bxb5 Qe6 54. a7 Ra8 55. Qa6 Nh3+ 56. gxh3 Qf5 57. Qb7 Qg5+ 58. Kf1 Qd8
59. Bd7 Qf8 60. Rc8 Rxc8 61. Qxc8 Qxc8 62. Bxc8 h6 63. a8=Q Kh7 64. Bf5+ g6 65.
Qf8 f6 66. Qf7+ Kh8 67. Bd4 gxf5 68. Bxf6# 1-0

[Event "ICS rated blitz match"]
[Site "207.99.83.227"]
[Date "1999.04.11"]
[Round "?"]
[White "Hossa"]
[Black "Tim"]
[Result "0-1"]
[WhiteElo "2453"]
[BlackElo "2455"]
[Annotator "Crafty v16.6"]
[PlyCount "72"]

{annotating for player Hossa using a scoring margin of +0.10 pawns. search
time limit is 20.00} 1. e4 1... d5 2. exd5 Nf6 3. Bb5+ ({9:+0.51} 3. Bb5+ 3...
Bd7 4. Bc4 b5 5. Bb3 Na6 6. Nf3 Nc5 7. Nc3 Nxb3 8. axb3 $14) ({9:+0.63} 3. c4
3... c6 4. dxc6 Nxc6 5. Nf3 Nd4 6. Nxd4 Qxd4 7. Be2 Be6 8. Na3 $14) 3... Bd7 4.
Bc4 b5 5. Bb3 Bg4 6. f3 Bc8 7. Qe2 a6 8. c4 b4 9. d4 ({8:+1.15} 9. d4 9... c6
10. dxc6 Nxc6 11. d5 Nd4 12. Ba4+ Bd7 13. Bxd7+ Nxd7 14. Qe4 14... Qb6 $16) ({
8:+1.27} 9. Qe3 9... c6 10. dxc6 Nxc6 11. Ba4 Bd7 12. Ne2 Ne5 13. Bxd7+ Nfxd7
14. d3 $16) 9... c6 10. Ba4 Bd7 11. dxc6 Bxc6 12. Bxc6+ Nxc6 13. d5 Nd4 14. Qd3
e5 15. Be3 Bc5 16. Ne2 Nxe2 17. Qxe2 Qb6 18. Bxc5 Qxc5 19. Qxe5+ ({9:+1.50} 19.
Qxe5+ 19... Kf8 20. Qf4 Re8+ 21. Kd1 Qf2 22. Qd2 Qc5 23. Qc2 Qd4+ 24. Nd2 24...
Re3 $16) ({9:+2.03} 19. Nd2 19... O-O 20. Nb3 Qd6 21. Rd1 Nd7 22. O-O Rad8 23.
Qe4 $18) 19... Kf8 20. Qf4 Nh5 21. Qc1 ({8:+1.12} 21. Qc1 21... Re8+ 22. Kf1
Qd4 23. Qc2 Nf4 24. Qb3 Nd3 25. Nd2 $16) ({8:+1.66} 21. Qh4 21... Re8+ 22. Kd1
Nf6 23. Nd2 Re3 24. Re1 Rd3 25. Qg5 $18) 21... Qd4 22. Kf1 Re8 23. d6 ({8:-1.06
} 23. d6 23... Qd3+ 24. Kg1 Re2 25. h3 Qd4+ 26. Kh2 Qxd6+ 27. Kg1 Qc5+ 28. Kh2
Qe5+ 29. Kg1 29... Rxb2 $17) ({8:+0.00} 23. g3 $10) 23... Qd3+ 24. Kg1 Re2 25.
h3 Qd4+ 26. Kh2 Qxd6+ 27. Kg1 Qd4+ 28. Kh2 Qe5+ 29. f4 Nxf4 30. Rd1 Nxg2+ 31.
Kh1 Ne3 32. Rd8+ Ke7 33. Rd7+ Kxd7 34. Qd2+ Rxd2 35. Nxd2 Qg3 36. Nf3 Qg2# 0-1

[Event "ICS rated blitz match"]
[Site "207.99.83.227"]
[Date "1999.04.11"]
[Round "?"]
[White "grig"]
[Black "Hossa"]
[Result "0-1"]
[WhiteElo "2154"]
[BlackElo "2437"]
[PlyCount "54"]

1. e4 e5 2. f4 exf4 3. Nf3 Bb4 4. Bc4 Qe7 5. O-O Qc5+ 6. d4 Qxc4 7. Bxf4 Nf6 8.
c3 Be7 9. e5 Nd5 10. Nbd2 Qc6 11. Bg5 Bxg5 12. Nxg5 Ne3 13. Qe2 Nxf1 14. Rxf1
Qg6 15. h4 O-O 16. Nde4 Nc6 17. h5 Qh6 18. Qf3 f5 19. exf6 d5 20. f7+ Kh8 21.
Nxh7 Kxh7 22. Nc5 Qg5 23. Qd3+ Kh6 24. Rf3 Rb8 25. Rg3 Qxh5 26. Qf1 Rxf7 27.
Qc1+ 27... Kh7 {grig resigns} 0-1

[Event "ICS rated blitz match"]
[Site "207.99.83.227"]
[Date "1999.04.11"]
[Round "?"]
[White "Hossa"]
[Black "grig"]
[Result "0-1"]
[WhiteElo "2442"]
[BlackElo "2149"]
[Annotator "Crafty v16.6"]
[PlyCount "161"]

{annotating for player Hossa using a scoring margin of +0.10 pawns. search
time limit is 20.00} 1. e4 1... e5 2. Nf3 Nc6 3. Bc4 Be7 4. Nc3 Nf6 5. d3 ({
8:-0.26} 5. d3 5... O-O 6. O-O d6 7. d4 Bg4 8. dxe5 Nxe5 9. Be2 $10) ({8:+0.04
} 5. d4 5... exd4 6. Nxd4 Ne5 7. Bb5 O-O 8. O-O 8... Bb4 $10) 5... O-O 6. O-O
a6 7. Bd5 ({8:-0.08} 7. Bd5 7... d6 8. Bxc6 bxc6 9. d4 exd4 10. Qxd4 c5 11. Qd3
11... Bg4 $10) ({8:+0.09} 7. d4 7... exd4 8. Nxd4 b5 9. Nxc6 dxc6 10. Qxd8 Rxd8
11. Bd3 Bg4 12. Bg5 $10) 7... d6 8. Bxc6 bxc6 9. d4 exd4 10. Nxd4 Bd7 11. Qf3
c5 12. Nf5 Bxf5 13. Qxf5 Qc8 14. Qf4 Qe6 15. Be3 Rab8 16. b3 Rb4 17. a3 Rbb8
18. Rad1 Rfe8 19. Qf3 ({9:-0.09} 19. Qf3 19... c4 20. b4 Bf8 21. Nd5 Nxd5 22.
exd5 Qe5 23. Rfe1 23... c3 $10) ({9:+0.13} 19. Qf5 19... Qxf5 20. exf5 Bf8 21.
Bf4 Nh5 22. Bg3 Nxg3 23. hxg3 Re5 24. Rd5 $10) 19... Bf8 20. Nd5 Nxd5 21. exd5
Qe4 22. Qxe4 Rxe4 23. Rfe1 g6 24. Bd2 ({9:+0.30} 24. Bd2 24... Rd4 25. Ba5 Rxd1
26. Rxd1 Rb7 27. Kf1 f6 28. Ke2 28... Kf7 $10) ({9:+0.43} 24. f3 24... Ree8 25.
Bd2 Be7 26. Ba5 Rb7 27. Kf2 Kg7 28. Re4 $14) 24... Rbe8 25. Ba5 Rxe1+ 26. Rxe1
Rxe1+ 27. Bxe1 Be7 28. Bc3 Kf8 29. f4 Ke8 30. Kf2 Kd7 31. Bg7 c6 32. dxc6+ Kxc6
33. Ke3 d5 34. g4 f5 35. gxf5 gxf5 36. Ke2 d4 37. h3 Kd5 38. Kd3 Bd6 39. Bh6
Be7 40. a4 Bh4 41. Bg7 Bg3 42. Be5 Bh4 43. c3 dxc3 44. Bxc3 Be7 45. Ke3 c4 46.
b4 Bd8 47. Bd4 Be7 48. Bc3 Bd6 49. h4 h5 50. Kf3 Be7 51. Kg3 Ke4 52. b5 axb5
53. axb5 Bd6 54. Bd2 Kd3 55. Bc1 Bc5 56. Bb2 c3 57. Ba1 c2 58. Bb2 Bd4 59. Bc1
Be3 60. Ba3 Kd2 61. Kf3 Bb6 62. Bb2 c1=Q 63. Bxc1+ Kxc1 64. Ke2 Kc2 65. Kf3 Kd3
66. Kg2 Ke3 67. Kg3 Ke4 68. Kg2 Kxf4 69. Kf1 Kg4 70. Ke2 Kxh4 71. Kf3 Kg5 72.
Ke2 Kf4 73. Kd3 h4 74. Ke2 h3 75. Kf1 Kg3 76. Ke2 h2 77. Kd3 h1=Q 78. Kc2 Qe4+
79. Kc3 f4 80. Kd2 f3 81. Kc3 0-1

[Event "ICS rated blitz match"]
[Site "207.99.83.227"]
[Date "1999.04.11"]
[Round "?"]
[White "Maect"]
[Black "Hossa"]
[Result "0-1"]
[WhiteElo "2026"]
[BlackElo "2415"]
[PlyCount "42"]

1. e4 d6 2. d4 Nf6 3. Nc3 g6 4. f3 Nbd7 5. Be3 e5 6. d5 Bg7 7. Qd2 O-O 8. Bh6
Nxe4 9. Nxe4 Qh4+ 10. g3 Qxh6 11. Qxh6 Bxh6 12. c4 Be3 13. Bd3 Rb8 14. Ke2 Bd4
15. Rb1 b5 16. cxb5 Nb6 17. b3 Nxd5 18. Bc4 Nb4 19. a4 Be6 20. h4 d5 21. Nf6+
21... Kg7 {Maect resigns} 0-1

[Event "ICS rated blitz match"]
[Site "207.99.83.227"]
[Date "1999.04.11"]
[Round "?"]
[White "Hossa"]
[Black "mutsnuts"]
[Result "1-0"]
[WhiteElo "2418"]
[BlackElo "2303"]
[PlyCount "37"]

1. e4 e6 2. Nf3 d5 3. exd5 exd5 4. Bb5+ c6 5. Be2 Nf6 6. O-O Bd6 7. d3 O-O 8.
Bg5 h6 9. Be3 Be6 10. Nbd2 Nbd7 11. Nd4 Qc7 12. N2f3 c5 13. Nb5 Qc6 14. d4 cxd4
15. Nfxd4 Qa6 16. Nxa7 Qxa7 17. Nxe6 Qa4 18. Nxf8 Rxf8 19. Bd4 {
mutsnuts resigns} 1-0

[Event "ICS rated blitz match"]
[Site "207.99.83.227"]
[Date "1999.04.11"]
[Round "?"]
[White "Proteus"]
[Black "Hossa"]
[Result "0-1"]
[WhiteElo "2092"]
[BlackElo "2429"]
[PlyCount "128"]

1. d3 e5 2. g3 Nf6 3. Bg2 Be7 4. Nf3 Nc6 5. O-O d5 6. e4 O-O 7. Nc3 d4 8. Ne2
Ng4 9. h3 Nf6 10. Nd2 Be6 11. f4 Bc5 12. f5 Bd7 13. g4 Ne8 14. Nf3 Rb8 15. g5
Nd6 16. Qe1 Nb4 17. Qd2 Ba4 18. b3 Nxe4 19. dxe4 d3+ 20. Kh1 Nxc2 21. Nc3 Be3
22. Qd1 Bxc1 23. Rxc1 Ne3 24. Qd2 Nxf1 25. Bxf1 Be8 26. Nxe5 f6 27. Nf3 Bh5 28.
Kg2 Bxf3+ 29. Kxf3 fxg5 30. Bxd3 Kh8 31. Qe3 Qd6 32. e5 Qh6 33. Kg2 Rbd8 34. e6
Ra8 35. Nd5 c5 36. Rxc5 Rfd8 37. e7 Re8 38. Nc7 b6 39. Nxe8 bxc5 40. Nd6 Qh5
41. e8=Q+ Rxe8 42. Qxe8+ Qxe8 43. Nxe8 h5 44. Bc4 g4 45. h4 Kh7 46. Bf7 a5 47.
Nd6 Kh8 48. Nb7 a4 49. Nxc5 axb3 50. axb3 Kh7 51. b4 Kh6 52. b5 g5 53. f6 gxh4
54. b6 h3+ 55. Kh2 Kg5 56. b7 Kxf6 57. b8=Q Kxf7 58. Qd6 Kg8 59. Qe6+ Kh7 60.
Qf6 g3+ 61. Kxg3 h2 62. Kh3 h1=Q+ 63. Kg3 Qg1+ 64. Kh4 64... Qg4# {
Proteus checkmated} 0-1

[Event "ICS rated blitz match"]
[Site "207.99.83.227"]
[Date "1999.04.11"]
[Round "?"]
[White "Hossa"]
[Black "WoodPusher3"]
[Result "1-0"]
[WhiteElo "2433"]
[BlackElo "2123"]
[PlyCount "43"]

1. e4 e5 2. Nf3 Nf6 3. Nc3 Nc6 4. Bc4 Nxe4 5. Nxe4 d5 6. Bd3 dxe4 7. Bxe4 Bd6
8. Bxc6+ bxc6 9. Qe2 O-O 10. O-O Bg4 11. Qe4 f5 12. Qxc6 e4 13. Qd5+ Kh8 14.
Ne5 Qf6 15. Nxg4 fxg4 16. Qh5 Qe6 17. Re1 Rf5 18. Qxg4 Raf8 19. d4 g6 20. f3
Qc4 21. Qxe4 Rh5 22. h3 {WoodPusher3 resigns} 1-0

[Event "ICS rated blitz match"]
[Site "207.99.83.227"]
[Date "1999.04.11"]
[Round "?"]
[White "WoodPusher3"]
[Black "Hossa"]
[Result "0-1"]
[WhiteElo "2118"]
[BlackElo "2438"]
[PlyCount "72"]

1. e4 c5 2. d4 cxd4 3. c3 dxc3 4. Nxc3 e6 5. Nf3 Bb4 6. Bc4 Bxc3+ 7. bxc3 d6 8.
O-O Nf6 9. Bf4 Nc6 10. Qxd6 Qxd6 11. Bxd6 Nxe4 12. Ba3 Nxc3 13. Bb2 Ne4 14.
Bxg7 Rg8 15. Be5 Ng5 16. Nxg5 Rxg5 17. Bg3 b5 18. Be2 Bd7 19. Rac1 Nd4 20. Bd3
Bc6 21. f4 Rd5 22. Bf2 h6 23. Be4 Ne2+ 24. Kh1 Nxc1 25. Rxc1 Kd7 26. Bxd5 Bxd5
27. a3 Rg8 28. Rg1 a6 29. h3 Rc8 30. Kh2 Rc3 31. Ra1 Rc2 32. Kg3 a5 33. a4 b4
34. Rf1 Ra2 35. f5 e5 36. Kh4 36... Bxg2 {WoodPusher3 resigns} 0-1

[Event "ICS rated blitz match"]
[Site "207.99.83.227"]
[Date "1999.04.11"]
[Round "?"]
[White "JUNIORE"]
[Black "Hossa"]
[Result "0-1"]
[WhiteElo "2175"]
[BlackElo "2447"]
[PlyCount "91"]

1. d4 Nf6 2. Nf3 e6 3. Bg5 Be7 4. Nbd2 O-O 5. e4 d5 6. e5 Ne4 7. Bxe7 Qxe7 8.
Bd3 Qb4 9. O-O Nxd2 10. Qxd2 Qxd2 11. Nxd2 b6 12. c3 Ba6 13. Bxa6 Nxa6 14. Rac1
c5 15. dxc5 Nxc5 16. Nf3 Rac8 17. Rfd1 b5 18. Nd4 a6 19. Kf1 h5 20. Ke2 Nd7 21.
f4 Nc5 22. Ke3 Ne4 23. g3 Rc4 24. Rg1 b4 25. cxb4 Rxb4 26. b3 Rb7 27. h3 Kh7
28. g4 hxg4 29. hxg4 Ra8 30. f5 Re7 31. Kf4 Rae8 32. Nf3 Kg8 33. Rc2 a5 34. Rh1
f6 35. fxe6 Rxe6 36. Rh5 g6 37. Rh6 fxe5+ 38. Ke3 Kg7 39. Rch2 Rc6 40. g5 Rc3+
41. Ke2 Rc2+ 42. Kd1 Rxh2 43. Rxh2 Nc3+ 44. Kc1 e4 45. Nd4 e3 46. Rh1 {
JUNIORE resigns} 0-1

[Event "ICS rated blitz match"]
[Site "207.99.83.227"]
[Date "1999.04.11"]
[Round "?"]
[White "Hossa"]
[Black "Kid-Jarocho"]
[Result "1-0"]
[WhiteElo "2453"]
[BlackElo "2239"]
[PlyCount "31"]

1. e4 c5 2. Bc4 e6 3. Nc3 d6 4. Nf3 a6 5. d4 cxd4 6. Nxd4 Qc7 7. Bb3 Nc6 8.
Nxc6 Qxc6 9. O-O Bd7 10. Bf4 Nf6 11. Qd3 Nh5 12. Bg5 h6 13. Be3 Be7 14. Rad1
O-O 15. e5 d5 16. Qe2 {Kid-Jarocho resigns} 1-0

[Event "ICS rated blitz match"]
[Site "207.99.83.227"]
[Date "1999.04.11"]
[Round "?"]
[White "JUNIORE"]
[Black "Hossa"]
[Result "0-1"]
[WhiteElo "2137"]
[BlackElo "2460"]
[PlyCount "60"]

1. d4 Nf6 2. Nf3 e6 3. Bg5 Be7 4. e3 c5 5. Bd3 cxd4 6. exd4 Nc6 7. O-O Qb6 8.
Nc3 Qxb2 9. Nb5 O-O 10. Qd2 Qb4 11. c3 Qa5 12. Rae1 a6 13. Bxf6 Bxf6 14. Nd6
Qc7 15. Ne4 Be7 16. Re3 d5 17. Neg5 h6 18. Nh7 Re8 19. Ne5 Nxe5 20. Rxe5 Bd7
21. Qe2 Qxc3 22. Rd1 Rac8 23. h3 Ba4 24. Re1 Qxd4 25. Rh5 Rc3 26. Bb1 Rec8 27.
Ng5 Bxg5 28. Rxg5 hxg5 29. Qh5 Rc1 30. Qh7+ 30... Kf8 {JUNIORE resigns} 0-1

[Event "ICS rated blitz match"]
[Site "207.99.83.227"]
[Date "1999.04.11"]
[Round "?"]
[White "Hossa"]
[Black "grig"]
[Result "1-0"]
[WhiteElo "2469"]
[BlackElo "2183"]
[PlyCount "51"]

1. e4 e5 2. Nf3 Nc6 3. Bb5 Be7 4. d3 f6 5. Be3 a6 6. Ba4 b5 7. Bb3 Na5 8. O-O
Nxb3 9. axb3 d6 10. Nc3 f5 11. Nxb5 Nf6 12. exf5 Bxf5 13. Na7 Qd7 14. Rxa6 c5
15. Qa1 O-O 16. Nc6 Rxa6 17. Qxa6 Nd5 18. Re1 Bf6 19. Bg5 Rc8 20. Bxf6 Nxf6 21.
Qxc8+ Qxc8 22. Ne7+ Kf7 23. Nxc8 Bxc8 24. Ng5+ Ke7 25. f4 h6 26. Nf3 {
grig resigns} 1-0